000
00324nam a2200121Ia 4500
008
220216s9999 xx 000 0 und d
100
_a
Krishnakumar A.K.
245
0
_a
How to make Indian rubber internationally competitive?
260
_b
Planters' Chronicle
_c
1998
300
_a
474-475
650
_a
Marketing
942
_c
BS
999
_c
52162
_d
52162